[Event "Buryatia-ch 3rd"]
[Site "Ulan-Ude"]
[Date "2015.01.07"]
[Round "6"]
[White "Tugarin, Anton"]
[Black "Andreev, Afrikan"]
[Result "0-1"]
[WhiteElo "2240"]
[BlackElo "2197"]
[PlyCount "104"]
[EventDate "2015.01.05"]
[EventType "swiss"]
[EventRounds "9"]
[EventCountry "RUS"]
[SourceTitle "CBM 164 Extra"]
[Source "ChessBase"]
[SourceDate "2015.03.02"]
[SourceVersion "1"]
[SourceVersionDate "2015.03.02"]
[SourceQuality "1"]

1. d4 d5 2. c4 e6 3. Nf3 Nf6 4. g3 Be7 5. Bg2 0-0 6. 0-0 dxc4 7. Qc2 b5 8. a4 c6 9. axb5 cxb5 10. Ng5 h6 11. Bxa8 hxg5 12. Rxa7 Bd7 13. Bxg5 Nc6 14. Bxc6 Bxc6 15. Bxf6 Bxf6 16. e3 e5 17. dxe5 Qd5 18. e4 Qxe5 19. Nc3 Qc5 20. Ra6 Re8 21. Rd1 Be5 22. Nd5 Bb7 23. Ra5 Bc6 24. b4 Qf8 25. f4 Bb8 26. Qb1 f5 27. Ra6 Bb7 28. Ra5 Rxe4 29. Rxb5 Ba7+ 30. Kh1 Qf7 31. Qa2 Bc6 32. Qa5 c3 33. Rc5 Bxc5 34. Qxc5 c2 35. Qxc2 Bxd5 36. Kg1 Qa7+ 37. Qc5 Qxc5+ 38. bxc5 Be6 39. Rc1 Kf7 40. c6 Rc4 41. Rxc4 Bxc4 42. Kf2 Ke7 43. Ke3 Kd6 44. Kd4 Be6 45. h3 Kxc6 46. g4 fxg4 47. hxg4 Bxg4 48. Ke5 Kd7 49. f5 Ke7 50. Kf4 Bd1 51. Kg5 Kf7 52. f6 gxf6+ 0-1

[Event "Buryatia-ch"]
[Site "Russia"]
[Date "2014.10.03"]
[Round "8"]
[White "Badmatsyrenov, Oleg"]
[Black "Andreev, Afrikan"]
[Result "1-0"]
[WhiteElo "2480"]
[BlackElo "2221"]
[PlyCount "65"]
[EventDate "2014.09.27"]
[EventType "swiss"]
[EventRounds "9"]
[EventCountry "RUS"]
[SourceTitle "EXT 2015"]
[Source "ChessBase"]
[SourceDate "2014.11.20"]
[SourceVersion "1"]
[SourceVersionDate "2014.11.20"]
[SourceQuality "1"]

1. e4 d6 2. d4 Nf6 3. Nc3 e5 4. Nf3 Nbd7 5. g4 g6 6. g5 Nh5 7. Be3 c6 8. Qd2 Bg7 9. 0-0-0 0-0 10. dxe5 dxe5 11. Ne2 Qe7 12. Ng3 Nxg3 13. hxg3 Nc5 14. Rh4 Be6 15. Qc3 Na4 16. Qa5 b5 17. Be2 Rfd8 18. Rdh1 h5 19. gxh6 Bf6 20. R4h2 Bxa2 21. g4 Qe6 22. Nd2 Rd7 23. g5 Be7 24. h7+ Kh8 25. Rg1 a6 26. Bg4 Bd8 27. Bxe6 Bxe6 28. Nb3 Bxa5 29. Nxa5 Rc8 30. b3 Nc3 31. f3 b4 32. Bc5 Rcd8 33. Kb2 1-0

[Event "Ulan-Ude Bajkal op 10th"]
[Site "Ulan-Ude"]
[Date "2014.08.13"]
[Round "9"]
[White "Andreev, Afrikan"]
[Black "Irinchinov, Vladimir"]
[Result "1/2-1/2"]
[WhiteElo "2221"]
[BlackElo "1993"]
[PlyCount "26"]
[EventDate "2014.07.07"]
[EventType "swiss"]
[EventRounds "9"]
[EventCountry "RUS"]
[SourceTitle "CBM 161 Extra"]
[Source "ChessBase"]
[SourceDate "2014.08.29"]
[SourceVersion "1"]
[SourceVersionDate "2014.08.29"]
[SourceQuality "1"]

1. d4 Nf6 2. c4 e6 3. Nc3 d5 4. cxd5 exd5 5. Bg5 Be7 6. e3 0-0 7. Bd3 c6 8. Nge2 h6 9. Bxf6 Bxf6 10. b4 a6 11. a4 Re8 12. 0-0 g6 13. Qc2 Bg7 1/2-1/2

[Event "Ulan-Ude Bajkal op 10th"]
[Site "Ulan-Ude"]
[Date "2014.08.10"]
[Round "5"]
[White "Sargsyan, Shant"]
[Black "Andreev, Afrikan"]
[Result "1/2-1/2"]
[WhiteElo "2146"]
[BlackElo "2221"]
[PlyCount "91"]
[EventDate "2014.07.07"]
[EventType "swiss"]
[EventRounds "9"]
[EventCountry "RUS"]
[SourceTitle "CBM 161 Extra"]
[Source "ChessBase"]
[SourceDate "2014.08.29"]
[SourceVersion "1"]
[SourceVersionDate "2014.08.29"]
[SourceQuality "1"]

1. d4 d5 2. Nf3 Nf6 3. c4 c6 4. Nc3 dxc4 5. a4 Bg4 6. Ne5 Bh5 7. Nxc4 e6 8. g3 Bb4 9. Bg2 a5 10. 0-0 Nbd7 11. Qc2 Nb6 12. Nxb6 Qxb6 13. e3 0-0 14. Bd2 Rad8 15. Rac1 Bg6 16. Qb3 Qa6 17. Nb1 Be7 18. Na3 e5 19. Bc3 Ne4 20. Rfe1 exd4 21. exd4 Bg5 22. f4 Nxc3 23. bxc3 Bf6 24. h4 Bf5 25. Kh2 Rfe8 26. Bf1 Bd3 27. Bxd3 Qxd3 28. Qc2 Qxc2+ 29. Nxc2 c5 30. dxc5 Bxc3 31. Rxe8+ Rxe8 32. Kh3 h5 33. Rd1 Re4 34. Rd7 Re2 35. Nd4 Rd2 36. Rd8+ Kh7 37. c6 bxc6 38. Nxc6 Rxd8 39. Nxd8 Kg6 40. Kg2 Kf6 41. Kf3 Ke7 42. Nc6+ Kd6 43. Nd8 Kc5 44. Nxf7 Kb4 45. Ne5 Kxa4 46. Nc4 1/2-1/2

[Event "Ulan-Ude Bajkal op 10th"]
[Site "Ulan-Ude"]
[Date "2014.07.08"]
[Round "1"]
[White "Arbynova, Agniya"]
[Black "Andreev, Afrikan"]
[Result "0-1"]
[WhiteElo "1785"]
[BlackElo "2208"]
[PlyCount "68"]
[EventDate "2014.07.07"]
[EventType "swiss"]
[EventRounds "9"]
[EventCountry "RUS"]
[SourceTitle "CBM 161 Extra"]
[Source "ChessBase"]
[SourceDate "2014.08.29"]
[SourceVersion "1"]
[SourceVersionDate "2014.08.29"]
[SourceQuality "1"]

1. d4 d5 2. c4 e6 3. Nc3 Nf6 4. Nf3 c6 5. Bg5 dxc4 6. a4 Bb4 7. e4 b5 8. e5 h6 9. exf6 hxg5 10. fxg7 Rg8 11. axb5 cxb5 12. Be2 Bb7 13. 0-0 a6 14. Ne5 Nc6 15. Nxc6 Bxc6 16. Bf3 Bxf3 17. Qxf3 Bxc3 18. bxc3 Qd5 19. Qf6 Qf5 20. Qxf5 exf5 21. Rfe1+ Kd7 22. Re5 f6 23. Rxf5 Ke6 24. Rc5 Rxg7 25. Rc6+ Kd5 26. Raxa6 Rxa6 27. Rxa6 b4 28. cxb4 c3 29. Ra5+ Kxd4 30. Rc5 Rb7 31. Kf1 Rxb4 32. Rc8 Kd3 33. Rd8+ Kc2 34. f3 Kb2 0-1

[Event "Buryatia-ch Superfinal 2nd"]
[Site "Ulan-Ude"]
[Date "2014.01.05"]
[Round "1"]
[White "Andreev, Afrikan"]
[Black "Baldarov, Aur"]
[Result "1-0"]
[WhiteElo "2190"]
[BlackElo "1847"]
[PlyCount "113"]
[EventDate "2014.01.05"]
[EventType "swiss"]
[EventRounds "9"]
[EventCountry "RUS"]
[SourceTitle "EXT 2015"]
[Source "ChessBase"]
[SourceDate "2014.11.20"]
[SourceVersion "1"]
[SourceVersionDate "2014.11.20"]
[SourceQuality "1"]

1. d4 Nf6 2. c4 g6 3. g3 Bg7 4. Bg2 d6 5. Nc3 0-0 6. Nf3 Nbd7 7. 0-0 e5 8. e4 c6 9. h3 Qe7 10. Re1 Re8 11. Be3 h6 12. Qc2 b6 13. b4 Ba6 14. c5 bxc5 15. bxc5 exd4 16. cxd6 Qxd6 17. Bxd4 Qe6 18. e5 Nd5 19. Ne4 Nb4 20. Qd2 Nd3 21. Nf6+ Bxf6 22. exf6 Nxe1 23. Rxe1 Qd6 24. Rxe8+ Rxe8 25. Qxh6 Nxf6 26. Qg5 Nh7 27. Qa5 Be2 28. Qxa7 Bxf3 29. Bxf3 Ng5 30. Bg2 Qe6 31. h4 Ne4 32. a4 Qc8 33. a5 c5 34. Be3 Nxg3 35. Qxc5 Ne2+ 36. Kh1 Qd8 37. Qg5 Qd1+ 38. Kh2 Qd6+ 39. Kh1 Re5 40. Qg4 Rxa5 41. Qxe2 Ra1+ 42. Bf1 Qd5+ 43. Kh2 Qe5+ 44. Kg2 Qd5+ 45. Kg3 Qe5+ 46. Bf4 Ra3+ 47. f3 Qd4 48. Qe8+ Kh7 49. Qxf7+ Kh8 50. Qf8+ Kh7 51. Qe7+ Kg8 52. Qxa3 Qg1+ 53. Bg2 Qe1+ 54. Kh3 Qe6+ 55. Kh2 Qd5 56. Qe7 Qf5 57. Qe5 1-0

[Event "Ulan-Ude Buryatia-ch"]
[Site "Ulan-Ude"]
[Date "2013.08.23"]
[Round "2"]
[White "Andreev, Afrikan"]
[Black "Baldarov, Aur"]
[Result "1/2-1/2"]
[WhiteElo "2198"]
[BlackElo "1847"]
[PlyCount "35"]
[EventDate "2013.08.22"]
[EventType "swiss"]
[EventRounds "9"]
[EventCountry "RUS"]
[SourceTitle "CBM 156 Extra"]
[Source "ChessBase"]
[SourceDate "2013.10.22"]
[SourceVersion "1"]
[SourceVersionDate "2013.10.22"]
[SourceQuality "1"]

1. d4 Nf6 2. c4 g6 3. Nc3 Bg7 4. e4 d6 5. Be2 0-0 6. Bg5 Nc6 7. d5 Ne5 8. f4 Neg4 9. h3 h6 10. hxg4 hxg5 11. fxg5 Nh7 12. Qd2 e5 13. dxe6 Bxe6 14. Nh3 Qd7 15. 0-0 Bxg4 16. Bxg4 Qxg4 17. Rf4 Qe6 18. Nd5 1/2-1/2

[Event "Ulan-Ude Bajkal op 9th"]
[Site "Ulan-Ude"]
[Date "2013.07.04"]
[Round "5"]
[White "Matveev, Nikolay"]
[Black "Andreev, Afrikan"]
[Result "0-1"]
[WhiteElo "1966"]
[BlackElo "2219"]
[PlyCount "84"]
[EventDate "2013.07.01"]
[EventType "swiss"]
[EventRounds "9"]
[EventCountry "RUS"]
[SourceTitle "EXT 2014"]
[Source "ChessBase"]
[SourceDate "2013.11.20"]
[SourceVersion "1"]
[SourceVersionDate "2013.11.20"]
[SourceQuality "1"]

1. Nf3 Nf6 2. g3 d5 3. Bg2 Bg4 4. d3 c6 5. 0-0 Nbd7 6. Nbd2 e5 7. c3 Be7 8. e4 dxe4 9. dxe4 0-0 10. h3 Bh5 11. Qc2 Qc7 12. Nc4 Rfe8 13. Ne3 Bg6 14. Nh4 a5 15. Nxg6 hxg6 16. a4 Nc5 17. Rd1 Qb6 18. Nc4 Qb3 19. Qxb3 Nxb3 20. Rb1 Bc5 21. Be3 Bxe3 22. Nxe3 Nc5 23. f3 Nxa4 24. Bf1 Kf8 25. Bd3 Nc5 26. Bc2 a4 27. Nc4 b5 28. Na3 Red8 29. Kf2 g5 30. Ke3 Ke7 31. Ke2 Rh8 32. Rh1 Rh6 33. Kf2 Rd8 34. h4 gxh4 35. Rxh4 Rxh4 36. gxh4 Rd2+ 37. Ke3 Rh2 38. Rd1 Rxh4 39. Rd2 g5 40. Rg2 g4 41. f4 Rh3+ 42. Ke2 exf4 0-1

[Event "Buryatia-ch"]
[Site "Ulan-Ude"]
[Date "2013.01.05"]
[Round "6"]
[White "Leonov, Mikhail"]
[Black "Andreev, Afrikan"]
[Result "0-1"]
[WhiteElo "2012"]
[BlackElo "2231"]
[PlyCount "60"]
[EventDate "2013.01.02"]
[EventType "swiss"]
[EventRounds "9"]
[EventCountry "RUS"]
[SourceTitle "CBM 152 Extra"]
[Source "ChessBase"]
[SourceDate "2013.02.25"]
[SourceVersion "1"]
[SourceVersionDate "2013.02.25"]
[SourceQuality "1"]

1. c4 Nf6 2. Nc3 g6 3. d4 Bg7 4. Nf3 0-0 5. g3 d6 6. Bg2 Nc6 7. 0-0 a6 8. Bg5 Rb8 9. Qc1 Na5 10. b3 b5 11. cxb5 axb5 12. Bh6 b4 13. Bxg7 Kxg7 14. Nd1 Ba6 15. Re1 c5 16. dxc5 Rc8 17. Qf4 dxc5 18. Ne3 c4 19. bxc4 Nxc4 20. Bh3 Nxe3 21. Qxe3 Rc3 22. Qa7 Ra3 23. Qc5 Qd6 24. Qxd6 exd6 25. Nd4 Rb8 26. Reb1 Nd5 27. Bg2 Nc3 28. Nc6 Nxb1 29. Nxb8 Nc3 30. Nxa6 Rxa6 0-1

[Event "Ulan-Ude VIII festival Baikal"]
[Site "Ulan-Ude"]
[Date "2012.06.29"]
[Round "7.11"]
[White "Andreev, Afrikan"]
[Black "Mogloev, Alexander"]
[Result "1/2-1/2"]
[WhiteElo "2264"]
[BlackElo "1774"]
[PlyCount "82"]
[EventDate "2012.06.26"]
[EventType "swiss"]
[EventRounds "9"]
[EventCountry "RUS"]
[SourceTitle "EXT 2022"]
[Source "ChessBase"]
[SourceDate "2021.10.06"]
[SourceVersion "1"]
[SourceVersionDate "2021.10.06"]
[SourceQuality "1"]

1. d4 Nf6 2. c4 g6 3. g3 Bg7 4. Bg2 0-0 5. Nf3 d6 6. Nc3 c6 7. 0-0 Nbd7 8. e4 e5 9. h3 exd4 10. Nxd4 Nc5 11. Be3 Re8 12. Qc2 h6 13. Rad1 Qa5 14. a3 Ne6 15. Nde2 Bf8 16. f4 Nd7 17. Kh2 Nb6 18. Nb1 Nc7 19. Bg1 Be6 20. b3 f5 21. Nd4 Bd7 22. Rfe1 Rad8 23. Bf2 Bc8 24. exf5 Bxf5 25. Nxf5 gxf5 26. b4 Qa6 27. Qxf5 Qxc4 28. Qg6+ Bg7 29. Be4 Nc8 30. Bd4 Rd7 31. f5 Rxe4 32. Rxe4 Qc2+ 33. Rd2 Qxe4 34. Nc3 Qe8 35. Qg4 Kh7 36. f6 Bf8 37. Qf5+ Kg8 38. Re2 Qf7 39. Qg4+ Kh7 40. Qf5+ Kg8 41. Qg4+ Kh7 1/2-1/2

[Event "Sibiria Region-ch"]
[Site "Novokuznetsk"]
[Date "2008.03.17"]
[Round "5"]
[White "Andreev, Afrikan"]
[Black "Pokazanjev, Nikolai"]
[Result "0-1"]
[WhiteElo "2295"]
[BlackElo "2405"]
[PlyCount "78"]
[EventDate "2008.03.13"]
[EventType "swiss"]
[EventRounds "9"]
[EventCountry "RUS"]
[SourceTitle "CBM 123 Extra"]
[Source "ChessBase"]
[SourceDate "2008.05.06"]
[SourceVersion "1"]
[SourceVersionDate "2008.05.06"]
[SourceQuality "1"]

1. d4 Nf6 2. c4 g6 3. Nc3 Bg7 4. e4 d6 5. Be2 0-0 6. Nf3 e5 7. dxe5 dxe5 8. Qxd8 Rxd8 9. Bg5 Nbd7 10. 0-0-0 Rf8 11. b4 a5 12. a3 axb4 13. axb4 Ra3 14. Bd2 c5 15. Kb2 cxb4 16. Nb5 Ra4 17. Rde1 Nxe4 18. Bd1 Nxd2 19. Bxa4 Nxc4+ 20. Kb3 Ndb6 21. Kxb4 Rd8 22. Bb3 Nb2 23. Nxe5 Bxe5 24. Rxe5 Nd3+ 25. Ka5 Nxe5 26. Kxb6 Rd3 27. Rb1 Bd7 28. f4 Ng4 29. Bc4 Rd2 30. Re1 Bxb5 31. Kxb5 Rxg2 32. Re7 Nh6 33. h3 Rf2 34. Re4 Rf3 35. Kb6 Nf5 36. Bd5 Rxh3 37. Re8+ Kg7 38. Rd8 Rd3 39. Rd7 Ne7 0-1

[Event "Dubna op"]
[Site "Dubna"]
[Date "2007.08.12"]
[Round "14"]
[White "Andreev, Afrikan"]
[Black "Poletaev, Vitaly"]
[Result "1-0"]
[WhiteElo "2322"]
[BlackElo "2073"]
[PlyCount "98"]
[EventDate "2007.08.02"]
[EventType "swiss"]
[EventRounds "14"]
[EventCountry "RUS"]
[SourceTitle "EXT 2008"]
[Source "ChessBase"]
[SourceDate "2007.11.25"]
[SourceVersion "1"]
[SourceVersionDate "2007.11.25"]
[SourceQuality "1"]

1. d4 Nf6 2. c4 e6 3. Nc3 Bb4 4. Nf3 Ne4 5. Qc2 f5 6. Nd2 d5 7. Ndxe4 fxe4 8. Bf4 c6 9. e3 Nd7 10. f3 exf3 11. gxf3 Qh4+ 12. Qf2 Qxf2+ 13. Kxf2 Nf6 14. Rg1 0-0 15. Bd3 Rf7 16. a3 Be7 17. Ke2 Bd7 18. Be5 Ne8 19. Rg3 Bf6 20. h4 dxc4 21. Bxc4 Bxh4 22. Rh3 Be7 23. Ne4 h6 24. Rg1 Kf8 25. Bd3 b6 26. Ng3 Bf6 27. Bg6 Re7 28. Bxe8 Bxe5 29. Bxd7 Bxg3 30. Bxc6 Rc8 31. Be4 Bd6 32. f4 Ke8 33. Rg6 Bb8 34. Rhg3 Kf8 35. Rg1 b5 36. Kf3 a5 37. d5 exd5 38. Bxd5 Ba7 39. Be6 Rd8 40. Rxh6 Ree8 41. Rh8+ Ke7 42. Rxg7+ Kd6 43. Rxe8 Rxe8 44. Rxa7 Kxe6 45. Rxa5 Rb8 46. Ke4 Kd6 47. Kd4 Kc6 48. Ra6+ Kb7 49. Rd6 Ra8 1-0